| 000 | 00551nam a2200169Ia 4500 | ||
|---|---|---|---|
| 008 | 180921t2016 xxu||||| |||| 00| 0 sin d | ||
| 041 | _asin | ||
| 080 | _a368p | ||
| 100 | _aDammagaveshi Himi, Meegahakubure | ||
| 245 | _aසිඩ්නි ලංකාරාම ධර්ම දේශනා 3 පට්ච්ච සමුප්පාදය | ||
| 246 | _aSidni Lankarama Darma Deshana 3 Patichchsamuppadaya | ||
| 260 |
_bSarasavi _aNugegoda _c2016 |
||
| 300 | _b368p, 22cm | ||
| 942 | _cBK | ||
| 999 |
_c34 _d34 |
||
| 003 | LK-CoDNM | ||
| 040 |
_aLK-CoDNM _dLK-CoDNM _eLK-CoDNM |
||